Momentálne je stav električkových tratí v Bratislave katastrofálny
Vedúci divízie dopravnej a technickej infraštruktúry Dopravného podniku Bratislava (DPB) Ing. Jaroslav Jelšík o technickej konferencii o súčasnom stave električkových tratí v Bratislave. Výsledky prieskumu DPB o dopravnej situácii v mestskej hromadnej doprave.
Enregistré dans:
| Auteur principal: | |
|---|---|
| Format: | Chapitre de livre |
| Langue: | slovaque |
| Sujets: | |
| Tags: |
Pas de tags, Soyez le premier à ajouter un tag!
|
MARC
| LEADER | 00000naa a2200000 4500 | ||
|---|---|---|---|
| 001 | r022912 | ||
| 005 | 20230801104316.7 | ||
| 041 | 0 | |a slo | |
| 044 | |a SK | ||
| 245 | 1 | 0 | |a Momentálne je stav električkových tratí v Bratislave katastrofálny |c K. Horváthová |
| 520 | |a Vedúci divízie dopravnej a technickej infraštruktúry Dopravného podniku Bratislava (DPB) Ing. Jaroslav Jelšík o technickej konferencii o súčasnom stave električkových tratí v Bratislave. Výsledky prieskumu DPB o dopravnej situácii v mestskej hromadnej doprave. | ||
| 610 | 2 | 0 | |a Slovensko |
| 610 | 2 | 0 | |a 1996 |
| 610 | 2 | 0 | |a Bratislava |
| 610 | 2 | 0 | |a doprava hromadná mestská |
| 610 | 2 | 0 | |a konferencie |
| 610 | 2 | 0 | |a Dopravný podnik, a.s. Bratislava |
| 610 | 2 | 0 | |a prostriedky dopravné |
| 610 | 2 | 0 | |a infraštruktúra technická |
| 610 | 2 | 0 | |a siete dopravné |
| 100 | 1 | |a Horváthová, K. | |